Вопросы атомной науки и техники. Серия : Некоторые проблемы физики твердого тела: научно-технический сборник

Bibliografische gegevens
Coauteur: Академия наук СССР (АН СССР) Институт атомной энергии им. И. В. Курчатова
Taal:Russisch
Gepubliceerd in: Москва, 1973
Onderwerpen:
Formaat: MixedMaterials Serie
KOHA link:https://koha.lib.tpu.ru/cgi-bin/koha/opac-detail.pl?biblionumber=380040

MARC

LEADER 00000nas1a2200000 4500
001 380040
005 20231101062637.0
035 |a (RuTPU)RU\TPU\prd\617 
035 |a BOOK00000617 
090 |a 380040 
100 |a 20011210c k y0rusy50 ca 
101 0 |a rus 
102 |a RU 
110 |a ayaz uu0 
200 1 |a Вопросы атомной науки и техники. Серия : Некоторые проблемы физики твердого тела  |e научно-технический сборник  |f Академия наук СССР (АН СССР), Институт атомной энергии им. И. В. Курчатова 
210 |a Москва  |d 1973 
326 |a 1 номер в год 
610 1 |a атомная наука 
610 1 |a атомная техника 
610 1 |a физика твердого тела 
610 1 |a ядерные реакторы 
610 1 |a реакторы 
675 |a 621.039  |v 3 
712 0 2 |a Академия наук СССР (АН СССР)  |b Институт атомной энергии им. И. В. Курчатова  |c (Москва)  |c (1943-1991)  |2 stltpush  |3 (RuTPU)RU\TPU\col\2585 
801 0 |a RU  |b 63413507  |c 20011210  |g PSBO 
801 2 |a RU  |b 63413507  |c 20130912  |g PSBO 
942 |c CR